000 00988nam a2200361 a 4500
003 AR-BaBNM
005 20251128204809.0
008 082120s2002 ||||||||||||||000 | spa||
020 _a968-36-2210-0
040 _cAR-BaBNM
100 1 _aDíaz Ruiz, Ignacio
245 0 0 _aCabrera Infante y otros escritores latinoamericanos
250 _a1ª ed.
260 _aMéxico, D.F.
_bUniversidad Nacional Autonoma de México
_c1992
300 _a121 p.
600 1 4 _aArguedas, José María
600 1 4 _aCortázar, Julio
600 1 4 _aCarpentier, Alejo
650 4 _aLITERATURA ARGENTINA
650 4 _aANALISIS LITERARIO
650 4 _aCRITICA LITERARIA
650 4 _aSIGLO VEINTE
650 4 _aLITERATURA LATINOAMERICANA
653 _aBARROCO
653 _aVANGUARDIAS LITERARIAS
653 _aNARRATIVA
653 _aLITERATURA CUBANA
653 _aBOOM LATINOAMERICANO
653 _aLITERATURA PERUANA
655 _aLITERATURA
942 _cBK
998 _cMARTIN
999 _c8864
_d8864